[Event "Sant Adria de Besos op 13th"]
[Site "Sant Adria de Besos"]
[Date "2017.06.18"]
[Round "9"]
[White "Vargas Drechsler, Carlos"]
[Black "Hurtado Insa, Francesco"]
[Result "1-0"]
[WhiteElo "2103"]
[BlackElo "1995"]
[PlyCount "55"]
[EventDate "2017.04.23"]
[EventType "swiss"]
[EventRounds "9"]
[EventCountry "ESP"]
[SourceTitle "EXT 2018"]
[Source "ChessBase"]
[SourceDate "2017.10.13"]
[SourceVersion "1"]
[SourceVersionDate "2017.10.13"]
[SourceQuality "1"]

1. e4 e6 2. d4 d5 3. e5 c5 4. c3 Qb6 5. Nf3 Nc6 6. Bd3 Bd7 7. 0-0 cxd4 8. cxd4 Nxd4 9. Nxd4 Qxd4 10. Re1 Ne7 11. Nc3 a6 12. Be3 Qxe5 13. f4 Qd6 14. f5 0-0-0 15. Rc1 Kb8 16. Qf3 Ka8 17. Bf4 Qb6+ 18. Kh1 g6 19. a4 Nxf5 20. Nb5 Nd6 21. Be3 Qa5 22. Nc7+ Kb8 23. Qf6 Bh6 24. Bxh6 Rc8 25. Bf4 Nc4 26. b4 Qxa4 27. Ra1 Na3 28. Rxa3 1-0